00455caa a22001932a 4500001000900000003001100009008004700020092001500067100001800082245004600100245001900146300001000165440001200175440000600187260001200193650003200205942000900237999001500246 000010 AR-FADEU 311216n############xxu####################dd aPP(361)TRA aAdaro, Esther bGumersinda: una historia de vida araucana aTrabajo social a36-48 vaño 1 n3 coc 1986 aROMERO, GUMERSINDA; MAPUCHE cPPGR c2788d2788